| 000 | 00841cam a2200241 4500 | ||
|---|---|---|---|
| 001 | ABS61643 | ||
| 008 | 000000n1999 000 0 eng u | ||
| 035 | _a(Sirsi) u103450 | ||
| 100 | _aLeitch, J. | ||
| 245 | _aFocusing on a better process | ||
| 260 | _c1999 | ||
| 490 |
_aContract Journal _v 401(6254) 1 December 1999, 16-17(2) |
||
| 520 | _aReports on eight contractors who have formed a benchmarking club with the aim of comparing data. They have found it a useful tool, which has helped them improve business performance. | ||
| 590 | _aABS | ||
| 650 | _aBENCHMARKING | ||
| 650 | _aCONTRACTORS | ||
| 650 | _aNATIONAL CONTRACTORS FEDERATION | ||
| 650 | _aMAJOR CONTRACTORS GROUP | ||
| 650 | _aKEY PERFORMANCE INDICATORS | ||
| 650 | _aCONSTRUCTION INDUSTRY | ||
| 690 | _aBUILDING AND CONSTRUCTION-MANAGEMENT | ||
| 942 | _n0 | ||
| 999 |
_c62157 _d62157 |
||